000
00254nam a2200109Ia 4500
008
231212s1971 xx 000 0 und d
041
_a
eng
082
_a
621.9
100
_a
Izyvmov N.
245
_a
Fundamental of Radio
260
_a
Mascow
_b
Mir Pub
_c
1971
999
_c
958503
_d
958503